| 000 | 00500nam a2200193Ia 4500 | ||
|---|---|---|---|
| 003 | OSt | ||
| 005 | 20230510101021.0 | ||
| 008 | 210423s1976 xx 000 0 und d | ||
| 040 | _cAL | ||
| 041 | _aeng | ||
| 082 |
_a954 _223 _bCHAN |
||
| 100 |
_aCHANDRA (Bepin). _9101884 |
||
| 245 | _aNationalism and colonialism in modern india. | ||
| 260 |
_aMumbai _bOrient Longman _c1976 |
||
| 300 | _bPB | ||
| 365 |
_b375 _cINR |
||
| 906 | _acolonialism ; india. ; modern ; Nationalism | ||
| 942 |
_2ddc _cBK |
||
| 999 |
_c171756 _d171756 |
||